| 000 | 00363nam a2200121Ia 4500 | ||
|---|---|---|---|
| 008 | 200626s9999 xx 000 0 und d | ||
| 020 | _a971-11-0794-5 | ||
| 100 | _aDewey, Melvil | ||
| 245 |
_cMelvil Dewey.-- _aDewey decimal classification and relative index/ |
||
| 260 |
_aNew York: _bForest Press _c1989 |
||
| 300 | _avii, 961 pages | ||
| 500 | _aIncludes Appendix | ||
| 999 |
_c363880 _d363880 |
||